3-Last-Letters Country Words - Statistics

General Stats
  • This quiz has been taken 41 times
  • The average score is 24 of 25
Answer Stats
Hint Starts with Answer % Correct
ZIL B Brazil
100%
INA C China
97%
ARK D Denmark
97%
YPT E Egypt
97%
NCE F France
97%
ANY G Germany
97%
ARY H Hungary
97%
DIA I India
97%
PAN J Japan
97%
REA K Korea
97%
PAL N Nepal
97%
MAN O Oman
97%
ERU P Peru
97%
SIA R Russia
97%
AND T Thailand
97%
UAY U Uruguay
97%
NAM V Vietnam
97%
MEN Y Yemen
97%
BWE Z Zimbabwe
97%
URG L Luxembourg
95%
ICO M Mexico
95%
TAR Q Qatar
95%
AIN S Spain
92%
LES W Wales
92%
LIA A Australia
87%
No matching quizzes found
Score Distribution
Percent of People with Each Score
Percentile by Number Answered
Your Score History
You have not taken this quiz